Duálne vzdelávanie – efektívny nástroj zabezpečenia kvalifikovanej pracovnej sily

Gespeichert in:
Bibliographische Detailangaben
1. Verfasser: Nachtmannová, Oľga, 1963-
Format: Buchkapitel
Sprache:Slowakisch
Englisch
Schlagworte:
Tags: Tag hinzufügen
Keine Tags, Fügen Sie das erste Tag hinzu!

MARC

LEADER 00000naa$a2200000$$$4500
001 0280992
005 20240502074350.1
041 0 |a slo 
041 0 |a eng 
044 |a SK 
245 1 0 |a Duálne vzdelávanie – efektívny nástroj zabezpečenia kvalifikovanej pracovnej sily  |c Oľga Nachtmannová 
500 |a abstrakt 
610 2 0 |a vzdelávanie duálne 
610 2 0 |a sily pracovné 
610 2 0 |a trh práce 
610 2 0 |a podnik 
610 2 0 |a školy stredné 
100 1 |a Nachtmannová, Oľga, 1963-